[Event "Championnat de Martinique Fermé 2017"]
[Site "Le Lamentin"]
[Date "2017.05.21"]
[Round "1.1"]
[White "Midonet, Matthieu"]
[Black "Marbot, Raymond"]
[Result "1-0"]
[WhiteElo "2247"]
[BlackElo "1726"]
[PlyCount "150"]
[EventDate "2017.??.??"]

1. e4 e6 2. d4 d5 3. Nc3 Bb4 4. Bd3 dxe4 5. Bxe4 Nf6 6. Bf3 h6 7. Nge2 O-O 8.
O-O c6 9. a3 Bd6 10. Ng3 Nbd7 11. Nce4 Nxe4 12. Nxe4 Bc7 13. c4 Nb6 14. b3 e5
15. dxe5 Bxe5 16. Ra2 Qc7 17. h3 Bf5 18. Be3 Rad8 19. Rd2 Rxd2 20. Qxd2 Rd8 21.
Qa5 Nc8 22. Qxc7 Bxc7 23. Nc5 Nd6 24. Rd1 Bc8 25. g4 Ne8 26. Rc1 b6 27. Na4 c5
28. b4 Bd7 29. Nc3 cxb4 30. axb4 Be6 31. Nd5 Bd6 32. b5 Rc8 33. Kf1 Kf8 34. Ke2
Bc5 35. Bf4 Bd6 36. Bd2 Nc7 37. Nf4 g5 38. Nxe6+ Nxe6 39. Kd3 Bc5 40. Bd5 Rd8
41. Kc2 Nd4+ 42. Kb2 Nxb5 43. Rc2 Nc7 44. Bg2 Bxf2 45. Kb3 Bc5 46. Bc3 Rd3 47.
Bf1 Rf3 48. Bg2 Rg3 49. Ka2 Ne6 50. Be5 Re3 51. Bf6 Bd4 52. Bxd4 Nxd4 53. Rd2
Re2 54. Rxe2 Nxe2 55. Ka3 Nf4 56. Bf1 Ke7 57. Kb4 Kd6 58. Kb5 Kc7 59. c5 Ne6
60. cxb6+ axb6 61. Kc4 Ng7 62. Kd5 f5 63. Ke5 fxg4 64. Kf6 Ne8+ 65. Kg6 Kd6 66.
Kxh6 Ke5 67. Kxg5 Nd6 68. h4 b5 69. h5 b4 70. Kg6 b3 71. h6 b2 72. Bd3 Kd4 73.
Bb1 g3 74. h7 Ke5 75. h8=Q+ Kf4 1-0

[Event "Championnat de Martinique Fermé 2017"]
[Site "Le Lamentin"]
[Date "2017.05.21"]
[Round "1.3"]
[White "Evers, Shaman"]
[Black "Suez-Panama, Gilles"]
[Result "0-1"]
[WhiteElo "1560"]
[BlackElo "2041"]
[PlyCount "58"]
[EventDate "2017.??.??"]

1. c4 e5 2. Nc3 Nc6 3. e4 Bc5 4. Nf3 Nf6 5. Be2 d6 6. O-O Bg4 7. d3 h6 8. a3 a5
9. Ne1 Bd7 10. Nc2 a4 11. Be3 Nd4 12. Bxd4 exd4 13. Nd5 O-O 14. Nxf6+ Qxf6 15.
Bg4 Be8 16. f4 b5 17. Kh1 bxc4 18. dxc4 Rb8 19. Rb1 Bc6 20. e5 dxe5 21. fxe5
Qxe5 22. Rf5 Qe4 23. Ne1 Bd6 24. Rf2 Qe5 25. Kg1 Qxh2+ 26. Kf1 Rfe8 27. Nf3
Qh1+ 28. Ng1 Bh2 29. Qxd4 Qxg1# 0-1

[Event "Championnat de Martinique Fermé 2017"]
[Site "Le Lamentin"]
[Date "2017.05.21"]
[Round "1.4"]
[White "Chancerel, Dominique"]
[Black "Grange, Julien"]
[Result "1/2-1/2"]
[WhiteElo "1815"]
[BlackElo "1892"]
[PlyCount "154"]
[EventDate "2017.??.??"]

1. e4 c5 2. Nf3 g6 3. d4 cxd4 4. Nxd4 Nc6 5. Nc3 Bg7 6. Be3 Nf6 7. f3 O-O 8.
Bc4 Qb6 9. Qd2 Nxe4 10. Nxe4 Bxd4 11. Bxd4 Qxd4 12. Qxd4 Nxd4 13. O-O-O Nc6 14.
h4 Ne5 15. Bb3 a5 16. a4 Kg7 17. h5 h6 18. hxg6 fxg6 19. Rhe1 d6 20. Nc3 Ra6
21. Nd5 e6 22. Nc7 Rc6 23. Nxe6+ Bxe6 24. Bxe6 Rf4 25. Bd5 Rb6 26. b3 h5 27.
Re3 Rf6 28. Rc3 Nc6 29. Re1 Rf5 30. Rd1 Rf6 31. Be4 Nb4 32. Rc4 Na6 33. Rc8 Nc5
34. Bd5 Rf8 35. Rc7+ Kf6 36. g3 Kg5 37. Rd4 Rf6 38. Kd2 Ne6 39. Bxe6 Rxe6 40.
Rd5+ Kh6 41. Rxa5 g5 42. Rc8 Re5 43. Rxe5 dxe5 44. Re8 Rf6 45. Ke2 h4 46. g4
Rc6 47. Kd3 Rf6 48. Ke3 Rc6 49. Kd3 Rf6 50. Ke4 Kh7 51. Rxe5 h3 52. Kd5 h2 53.
Re1 Rxf3 54. Rh1 Rf2 55. c4 Kg6 56. a5 Kf6 57. b4 Rd2+ 58. Ke4 Ke6 59. b5 Re2+
60. Kd3 Ra2 61. Kd4 Kd6 62. c5+ Kc7 63. Kd5 Rd2+ 64. Ke5 Rf2 65. a6 bxa6 66.
bxa6 Kc6 67. a7 Kb7 68. Ra1 Ka8 69. c6 Rc2 70. Kd6 Ra2 71. Rh1 Kxa7 72. Kc7 Ka6
73. Kc8 Kb6 74. c7 Ra7 75. Rb1+ Kc6 76. Rc1+ Kd6 77. Rd1+ Kc6 1/2-1/2

[Event "Championnat de Martinique Fermé 2017"]
[Site "Le Lamentin"]
[Date "2017.05.21"]
[Round "1.6"]
[White "Prudent, Sylvio"]
[Black "Joachim, Rodny"]
[Result "1/2-1/2"]
[WhiteElo "1650"]
[BlackElo "1693"]
[PlyCount "101"]
[EventDate "2017.??.??"]

1. Nf3 d5 2. b3 c5 3. Bb2 Nc6 4. e3 Nf6 5. Bb5 Bd7 6. O-O e6 7. Bxc6 Bxc6 8.
Ne5 Be7 9. f4 O-O 10. d3 Be8 11. Nd2 Nd7 12. Ng4 f6 13. Nf3 Bh5 14. h3 Bxg4 15.
hxg4 Qc7 16. Qe2 e5 17. g3 Rae8 18. Qd2 Bd6 19. c3 Nb6 20. Nh4 g6 21. a4 a5 22.
c4 dxc4 23. dxc4 exf4 24. gxf4 Qd7 25. Ng2 Bc7 26. Qxd7 Nxd7 27. Rad1 Rf7 28.
Rd3 Ree7 29. Rfd1 Nb8 30. Kf2 Nc6 31. Bc3 b6 32. Nh4 Nb4 33. Bxb4 axb4 34. Rd5
Re4 35. Kf3 Rfe7 36. R1d3 Kf7 37. Rd7 Rxe3+ 38. Rxe3 Rxd7 39. Ng2 Rd4 40. Re4
Rd3+ 41. Re3 Rxe3+ 42. Nxe3 Ke6 43. Nd5 Bd8 44. Kg3 h6 45. Kf3 f5 46. gxf5+
gxf5 47. Ne3 Kf6 48. Kg3 Kg6 49. Kh3 Bc7 50. Kg3 Bd8 51. Kh3 1/2-1/2

[Event "Championnat de Martinique Fermé 2017"]
[Site "Le Lamentin"]
[Date "2017.05.21"]
[Round "1.2"]
[White "Cesaire-Hierso, Florian"]
[Black "Verneuil, Pascal"]
[Result "1/2-1/2"]
[WhiteElo "1777"]
[BlackElo "2197"]
[PlyCount "170"]
[EventDate "2017.??.??"]

1. d4 Nf6 2. c4 c5 3. d5 e6 4. Nc3 exd5 5. Nxd5 Nxd5 6. cxd5 d6 7. e4 g6 8. Bf4
Qa5+ 9. Bd2 Qc7 10. Qa4+ Bd7 11. Qb3 Bg7 12. Nf3 O-O 13. Bd3 Bg4 14. Ng5 h6 15.
h3 Bc8 16. Nf3 Nd7 17. O-O Rb8 18. Qc2 Kh7 19. Rab1 b5 20. a4 b4 21. b3 a6 22.
Bf4 Bb7 23. Nd2 Ne5 24. Nc4 Nxc4 25. Bxc4 Rfe8 26. Rfe1 Re7 27. Qd3 Ra8 28. Qg3
Rd8 29. h4 Bc8 30. Bd3 Kg8 31. Qe3 Bd4 32. Qg3 Kg7 33. Kh1 Rg8 34. h5 g5 35.
Bd2 Qd7 36. f4 f6 37. e5 dxe5 38. fxg5 hxg5 39. Bxg5 Qg4 40. Qxg4 Bxg4 41. h6+
Kf7 42. h7 Rh8 43. Be3 f5 44. Bxd4 cxd4 45. d6 Rxh7+ 46. Kg1 Re6 47. Bc4 Kf6
48. Bxe6 Kxe6 49. Rbc1 Kxd6 50. Rc8 d3 51. Rd8+ Rd7 52. Rxd7+ Kxd7 53. Rxe5 Be2
54. Re3 Kd6 55. Kf2 Kd5 56. Ke1 f4 57. Re7 Kd4 58. Kd2 Bf1 59. Rf7 Ke4 60. g4
Bh3 61. g5 Bf5 62. Re7+ Kf3 63. Rf7 Kg4 64. g6 Bxg6 65. Rg7 Kg5 66. Rg8 Kf6 67.
Ra8 Ke5 68. Rxa6 Bf7 69. Rb6 Bxb3 70. Rb5+ Bd5 71. Rxb4 f3 72. Kxd3 Kd6 73. Ke3
Kc7 74. a5 Bb7 75. Rb2 Kc8 76. Kd4 Kc7 77. Kc5 Ba6 78. Ra2 Kb7 79. Rb2+ Ka7 80.
Rh2 Be2 81. Kb4 Bd3 82. Rd2 Bf5 83. Kc5 Ka6 84. Rh2 Bd3 85. Rf2 Bb5 1/2-1/2

[Event "Championnat de Martinique Fermé 2017"]
[Site "Le Lamentin"]
[Date "2017.05.21"]
[Round "2.1"]
[White "Midonet, Matthieu"]
[Black "Prudent, Sylvio"]
[Result "1-0"]
[WhiteElo "2247"]
[BlackElo "1650"]
[PlyCount "63"]
[EventDate "2017.??.??"]

1. e4 b6 2. d4 Bb7 3. Bd3 e6 4. Nf3 Nf6 5. Qe2 d5 6. e5 Nfd7 7. O-O Nc6 8. c3
h6 9. b4 Be7 10. a4 Bg5 11. Nxg5 hxg5 12. Qg4 Rh4 13. Qxg5 Qxg5 14. Bxg5 Rh5
15. h4 Ne7 16. g4 Rh8 17. Bxe7 Kxe7 18. h5 Rag8 19. a5 Kd8 20. Nd2 f5 21. f3 g6
22. hxg6 fxg4 23. fxg4 Rh4 24. Rf4 Nf8 25. Nf3 Rh6 26. g5 Nxg6 27. Rf6 Rh3 28.
Bxg6 Rxf3 29. Rxf3 Rxg6 30. Rg3 Bc6 31. Kf2 Be8 32. Rh1 1-0

[Event "Championnat de Martinique Fermé 2017"]
[Site "Le Lamentin"]
[Date "2017.05.21"]
[Round "2.2"]
[White "Suez-Panama, Gilles"]
[Black "Chancerel, Dominique"]
[Result "0-1"]
[WhiteElo "2041"]
[BlackElo "1815"]
[PlyCount "98"]
[EventDate "2017.??.??"]

1. d4 Nf6 2. Nf3 g6 3. c4 Bg7 4. Nc3 d6 5. Bf4 O-O 6. e3 c6 7. Be2 Nbd7 8. O-O
Re8 9. h3 a6 10. Qd2 b6 11. b4 Bb7 12. Rab1 Qc8 13. Rfc1 Qb8 14. c5 e5 15. Bh2
b5 16. a4 h6 17. Qc2 Bf8 18. Rd1 Kg7 19. Rbc1 Re6 20. axb5 axb5 21. e4 Ne8 22.
d5 Rf6 23. Nxb5 dxc5 24. dxc6 Bxc6 25. Nc3 cxb4 26. Rxd7 Rxf3 27. Bxf3 Bxd7 28.
Nd5 f6 29. Rb1 Ba4 30. Qc1 Qb7 31. Qe3 Bc2 32. Rf1 b3 33. Qc3 Rc8 34. Qb2 Bc5
35. Bxe5 fxe5 36. Qxe5+ Kh7 37. Qb2 Qg7 38. e5 Qa7 39. e6 Bd4 40. Qc1 b2 41.
Qf4 b1=Q 42. Rxb1 Bxb1 43. e7 Bf5 44. g4 Bxf2+ 45. Kg2 Rc2 46. Be2 Rxe2 47. Kf1
Re1+ 48. Kg2 Be4+ 49. Kh2 Rh1# 0-1

[Event "Championnat de Martinique Fermé 2017"]
[Site "Le Lamentin"]
[Date "2017.05.21"]
[Round "2.3"]
[White "Grange, Julien"]
[Black "Christophe-Hayot, Romain"]
[Result "0-1"]
[WhiteElo "1892"]
[BlackElo "1732"]
[PlyCount "96"]
[EventDate "2017.??.??"]

1. d4 Nf6 2. c4 g6 3. f3 c5 4. d5 d6 5. Nc3 Bg7 6. e4 Nbd7 7. Nh3 O-O 8. Be2
Ne5 9. Nf2 Ne8 10. O-O f5 11. f4 Nf7 12. exf5 Bxf5 13. Kh1 Nh6 14. Be3 Qc8 15.
Rg1 Kh8 16. g4 Bd7 17. Qd2 Nf7 18. Rg3 e6 19. Rag1 exd5 20. cxd5 Nf6 21. h4 Qc7
22. h5 gxh5 23. g5 Ng4 24. Nxg4 Bxg4 25. Bxg4 hxg4 26. Rxg4 Rae8 27. R1g3 Qd7
28. Qd3 Nd8 29. Rh4 Qf5 30. Qd2 Re7 31. Rgh3 Bxc3 32. bxc3 Rff7 33. c4 Qe4+ 34.
Qg2 Qb1+ 35. Kh2 Rg7 36. Bd2 Kg8 37. Bc3 Qd1 38. Rf3 Re2 39. Rf2 Rge7 40. g6
Rxf2 41. gxh7+ Kf7 42. Qxf2 Re2 43. Qxe2 Qxe2+ 44. Kg3 Qe3+ 45. Kg4 Qe2+ 46.
Kg5 Qe7+ 47. Kh5 Qe4 48. Kg4 Qg2+ 0-1

[Event "Championnat de Martinique Fermé 2017"]
[Site "Le Lamentin"]
[Date "2017.05.21"]
[Round "2.4"]
[White "Joachim, Rodny"]
[Black "Cesaire-Hierso, Florian"]
[Result "0-1"]
[WhiteElo "1693"]
[BlackElo "1777"]
[PlyCount "58"]
[EventDate "2017.??.??"]

1. e4 e5 2. Nf3 Nc6 3. Bb5 d6 4. d4 Bd7 5. d5 Nce7 6. Bd3 Nf6 7. c4 Ng6 8. Be3
Be7 9. O-O Bg4 10. h3 Bd7 11. b4 Qc8 12. Kh2 Nh5 13. Nh4 Ngf4 14. Bxf4 Nxf4 15.
Nf5 Bxf5 16. exf5 Nxd3 17. Qxd3 Bf6 18. Nc3 O-O 19. Qe4 c6 20. Rad1 Qc7 21. Qg4
a5 22. Ne4 Qe7 23. dxc6 Kh8 24. cxb7 Qxb7 25. Nxf6 gxf6 26. b5 Rg8 27. Qf3 Qd7
28. Qd5 Qxf5 29. Qxd6 Rxg2+ 0-1

[Event "Championnat de Martinique Fermé 2017"]
[Site "Le Lamentin"]
[Date "2017.05.21"]
[Round "2.5"]
[White "Verneuil, Pascal"]
[Black "Evers, Shaman"]
[Result "1-0"]
[WhiteElo "2197"]
[BlackElo "1560"]
[PlyCount "125"]
[EventDate "2017.??.??"]

1. e4 e5 2. Nf3 Nc6 3. Bc4 Bc5 4. c3 Nf6 5. d3 h6 6. Nbd2 a6 7. Bb3 O-O 8. O-O
d5 9. Qe2 Re8 10. h3 Be6 11. Rd1 b5 12. Nf1 Qc8 13. Ng3 dxe4 14. dxe4 Bxh3 15.
gxh3 Qxh3 16. Be3 Bxe3 17. Qxe3 Na5 18. Qe2 Nxb3 19. axb3 Re6 20. Nh2 h5 21.
Qf1 Qh4 22. Qg2 Ne8 23. Nf5 Qf4 24. Rd3 h4 25. Qg4 g5 26. Qxf4 exf4 27. f3 Ng7
28. Nxg7 Kxg7 29. Rd7 Rd6 30. Rxd6 cxd6 31. Rd1 Rd8 32. Rd5 f6 33. Kg2 Kf7 34.
Ng4 Ke6 35. Kh3 Rd7 36. Nh6 Rc7 37. Nf5 Rd7 38. b4 Rd8 39. b3 Rd7 40. c4 bxc4
41. bxc4 Rb7 42. Rxd6+ Kf7 43. c5 Rxb4 44. Rd7+ Ke8 45. c6 Rb3 46. Kg4 h3 47.
Nd6+ Kf8 48. c7 Rc3 49. c8=Q+ Rxc8 50. Nxc8 h2 51. Rh7 a5 52. Rxh2 Ke8 53. Nb6
Kd8 54. Rh7 Ke8 55. Ra7 Kd8 56. Kf5 Ke8 57. Nd5 a4 58. Nxf6+ Kd8 59. Kxg5 a3
60. e5 a2 61. e6 a1=Q 62. e7+ Kc8 63. e8=R# 1-0

[Event "Championnat de Martinique Fermé 2017"]
[Site "Le Lamentin"]
[Date "2017.05.21"]
[Round "2.6"]
[White "Marbot, Raymond"]
[Black "Alcindor, Samuel"]
[Result "1-0"]
[WhiteElo "1726"]
[BlackElo "1434"]
[PlyCount "77"]
[EventDate "2017.??.??"]

1. e4 c5 2. Nf3 Nc6 3. d4 cxd4 4. Nxd4 d6 5. Nc3 Nf6 6. Be2 g6 7. Be3 Bg7 8.
Qd2 O-O 9. O-O-O d5 10. Nxc6 bxc6 11. exd5 cxd5 12. Nxd5 Ne4 13. Nf6+ Bxf6 14.
Qxd8 Rxd8 15. Rxd8+ Kg7 16. Bf3 Bb7 17. Rxa8 Bxa8 18. Bxa7 Bg5+ 19. Be3 Bxe3+
20. fxe3 f5 21. Rd1 Bc6 22. Bxe4 Bxe4 23. Rd2 Kf6 24. a4 g5 25. a5 f4 26. exf4
gxf4 27. a6 Kf5 28. a7 Kg4 29. Rd8 Bxg2 30. Rg8+ Kh3 31. Rxg2 Kxg2 32. a8=Q+ f3
33. Qe4 Kxh2 34. Qxf3 Kg1 35. Kd2 Kh2 36. Ke2 Kg1 37. Qf2+ Kh1 38. Kf3 h5 39.
Qg2# 1-0

[Event "Championnat de Martinique Fermé 2017"]
[Site "Le Lamentin"]
[Date "2017.05.21"]
[Round "3.1"]
[White "Cesaire-Hierso, Florian"]
[Black "Midonet, Matthieu"]
[Result "0-1"]
[WhiteElo "1777"]
[BlackElo "2247"]
[PlyCount "106"]
[EventDate "2017.??.??"]

1. e4 c5 2. Nc3 Nc6 3. d3 g6 4. f4 Bg7 5. Nf3 Rb8 6. Be2 b5 7. O-O b4 8. Nd5
Nf6 9. Ne3 O-O 10. e5 Ne8 11. Qe1 d6 12. Qg3 Qd7 13. Nd5 Qd8 14. Ne3 Nd4 15.
Nxd4 cxd4 16. Nc4 Be6 17. Nd2 Qc7 18. Nf3 Bd5 19. Nxd4 dxe5 20. fxe5 Bxe5 21.
Qh4 Bg7 22. Bh6 Qb6 23. Bxg7 Nxg7 24. Qf2 Rbc8 25. Bf3 Bxf3 26. Nxf3 Rxc2 27.
Qxb6 axb6 28. Rf2 Rfc8 29. Raf1 Rxf2 30. Rxf2 Nf5 31. Re2 Nd6 32. Nd4 Kf8 33.
Nc2 b3 34. axb3 Rc5 35. d4 Rb5 36. b4 Ke8 37. b3 Kd7 38. Kf2 f5 39. Kf3 Ne4 40.
g4 e6 41. gxf5 exf5 42. Re1 Rd5 43. Rd1 Rb5 44. Ra1 Ke6 45. Ra8 g5 46. Rh8 Nf6
47. Rc8 f4 48. Rc6+ Kf5 49. h3 h5 50. Rc7 g4+ 51. hxg4+ hxg4+ 52. Ke2 f3+ 53.
Ke3 Nd5+ 0-1

[Event "Championnat de Martinique Fermé 2017"]
[Site "Le Lamentin"]
[Date "2017.05.21"]
[Round "3.2"]
[White "Christophe-Hayot, Romain"]
[Black "Suez-Panama, Gilles"]
[Result "0-1"]
[WhiteElo "1732"]
[BlackElo "2041"]
[PlyCount "101"]
[EventDate "2017.??.??"]

1. e4 e6 2. Nf3 d5 3. e5 c5 4. g3 Nc6 5. Bg2 b5 6. O-O a5 7. c3 Nge7 8. Na3 Ba6
9. d3 Ng6 10. Re1 Qc7 11. Bf4 Nxf4 12. gxf4 b4 13. Nc2 Be7 14. Rc1 O-O 15. Ne3
f5 16. c4 d4 17. Nf1 Kh8 18. Ng3 Rg8 19. Nh5 Raf8 20. Qd2 g6 21. Ng3 Nd8 22. h4
Bb7 23. Ng5 h6 24. Nf3 Nf7 25. h5 g5 26. Nxf5 exf5 27. e6 Bxf3 28. Bxf3 gxf4+
29. Kh1 Ng5 30. Qe2 Rf6 31. Bd5 f3 32. Qd2 Qc8 33. Qf4 Qe8 34. Bxf3 Nxf3 35.
Qxf3 Rg4 36. Qh3 Rg5 37. Qf3 Rg4 38. Qh3 Rf8 39. Rg1 Rh4 40. Qxh4 Bxh4 41. Rg6
Rf6 42. Rcg1 Bg5 43. R1xg5 hxg5 44. Rxf6 Qxh5+ 45. Kg1 Qd1+ 46. Kg2 Qxd3 47.
Rf8+ Kg7 48. Rf7+ Kg6 49. Re7 Kf6 50. Re8 Qxc4 51. e7 0-1

[Event "Championnat de Martinique Fermé 2017"]
[Site "Le Lamentin"]
[Date "2017.05.21"]
[Round "3.3"]
[White "Chancerel, Dominique"]
[Black "Verneuil, Pascal"]
[Result "0-1"]
[WhiteElo "1815"]
[BlackElo "2197"]
[PlyCount "94"]
[EventDate "2017.??.??"]

1. c4 e5 2. Nc3 Nf6 3. g3 Nc6 4. Bg2 Bc5 5. Nf3 O-O 6. O-O d6 7. d3 h6 8. Na4
Bb6 9. Nxb6 axb6 10. Bd2 Be6 11. b4 Nd7 12. b5 Na5 13. Qc1 Kh7 14. Qc2 f5 15.
Bc3 Qf6 16. Nd2 Nc5 17. f4 Rae8 18. fxe5 dxe5 19. Nf3 Bc8 20. Rae1 Qd6 21. d4
exd4 22. Bxd4 g6 23. Bb2 Ne4 24. Kh1 Qc5 25. Rc1 Be6 26. Ne5 Nd6 27. Qc3 Rg8
28. Ba3 Nxb5 29. cxb5 Qxb5 30. Qxc7+ Rg7 31. Qd6 Bxa2 32. Nd3 Nc4 33. Rxc4 Bxc4
34. Bb2 Rd7 35. Qf6 Bxd3 36. exd3 Qxd3 37. Rc1 Qd2 38. h4 Qf2 39. Kh2 Qe2 40.
Bc3 Qe6 41. Bh3 Qxf6 42. Bxf6 Re6 43. Bc3 Kg8 44. h5 Re2+ 45. Kg1 Kf7 46. hxg6+
Kxg6 47. Bf1 Re6 0-1

[Event "Championnat de Martinique Fermé 2017"]
[Site "Le Lamentin"]
[Date "2017.05.21"]
[Round "3.4"]
[White "Prudent, Sylvio"]
[Black "Marbot, Raymond"]
[Result "0-1"]
[WhiteElo "1650"]
[BlackElo "1726"]
[PlyCount "50"]
[EventDate "2017.??.??"]

1. Nf3 Nf6 2. b3 e6 3. Bb2 Be7 4. c4 d6 5. d4 b6 6. Nbd2 Bb7 7. Qc2 O-O 8. e4
Nbd7 9. Bd3 e5 10. d5 Nc5 11. Be2 a5 12. O-O h6 13. a3 Bc8 14. b4 Nb7 15. Ne1
Nh7 16. f4 exf4 17. Rxf4 Bg5 18. Rf1 Bf6 19. Nd3 Bxb2 20. Qxb2 Qg5 21. Rf3 axb4
22. Nxb4 Qe5 23. Rc3 Bd7 24. Rf1 Nc5 25. Nd3 Qd4+ 0-1

[Event "Championnat de Martinique Fermé 2017"]
[Site "Le Lamentin"]
[Date "2017.05.21"]
[Round "3.5"]
[White "Alcindor, Samuel"]
[Black "Grange, Julien"]
[Result "1/2-1/2"]
[WhiteElo "1434"]
[BlackElo "1892"]
[PlyCount "98"]
[EventDate "2017.??.??"]

1. e4 c5 2. Nf3 g6 3. d4 cxd4 4. Nxd4 Nc6 5. Be3 Nf6 6. Nc3 Bg7 7. Be2 O-O 8.
Qd2 d5 9. Nxc6 bxc6 10. O-O-O Rb8 11. e5 Nd7 12. f4 Qa5 13. Qd4 Rb4 14. Qd2 e6
15. a3 Rb8 16. h4 Re8 17. h5 Bf8 18. Nb1 Qc7 19. hxg6 fxg6 20. Rh3 Bc5 21. Rdh1
Qb6 22. c3 Re7 23. Bd4 Bxd4 24. cxd4 c5 25. Bd3 Nf8 26. g4 cxd4 27. b4 Bd7 28.
f5 Qc7+ 29. Kb2 exf5 30. gxf5 Qxe5 31. Qg5 a5 32. Qg3 axb4 33. fxg6 bxa3+ 34.
Kxa3 Qxg3 35. Rxg3 Be6 36. gxh7+ Kh8 37. Ka2 Ra7+ 38. Na3 Rba8 39. Bf5 d3 40.
Bxe6 Rxa3+ 41. Kb2 Ra2+ 42. Kb3 Nxe6 43. Rg8+ Rxg8 44. hxg8=Q+ Kxg8 45. Kxa2
Kg7 46. Rf1 Nc5 47. Kb2 d2 48. Kc3 Ne4+ 49. Kd4 Nf2 1/2-1/2

[Event "Championnat de Martinique Fermé 2017"]
[Site "Le Lamentin"]
[Date "2017.05.21"]
[Round "3.6"]
[White "Evers, Shaman"]
[Black "Joachim, Rodny"]
[Result "1/2-1/2"]
[WhiteElo "1560"]
[BlackElo "1693"]
[PlyCount "129"]
[EventDate "2017.??.??"]

1. e4 d6 2. d4 Nf6 3. Nc3 g6 4. Bf4 Bg7 5. Qd2 O-O 6. Bh6 e5 7. d5 Nbd7 8.
O-O-O Nc5 9. f3 Nh5 10. g4 Nf4 11. Bxg7 Kxg7 12. h4 Bd7 13. Nge2 Qf6 14. Kb1
Nxe2 15. Bxe2 Rab8 16. Rdf1 Qf4 17. Qd1 b5 18. Bd3 b4 19. Ne2 Qe3 20. Nc1 Nxd3
21. Nxd3 Bb5 22. Re1 Qd4 23. Qd2 Bxd3 24. Qxd3 Qxd3 25. cxd3 f5 26. Rhf1 Rf7
27. Rc1 Kf8 28. gxf5 gxf5 29. exf5 Rb5 30. Rc4 Rxd5 31. Kc2 c5 32. Rg4 Rxf5 33.
Rfg1 Rf7 34. Rg8+ Ke7 35. R1g7 Rd4 36. Rxf7+ Kxf7 37. Ra8 Rxh4 38. Rxa7+ Kg6
39. Rd7 Rd4 40. a4 bxa3 41. bxa3 h5 42. a4 Rxa4 43. Rxd6+ Kf5 44. Rc6 Ra5 45.
Rh6 Kg5 46. Re6 c4 47. dxc4 h4 48. Re8 Kf4 49. Rf8+ Kg3 50. Kd3 Kh3 51. Ke4 Kh2
52. f4 exf4 53. Rxf4 Kg3 54. Rf1 Kg2 55. Rc1 Rh5 56. Kd4 h3 57. c5 h2 58. c6
h1=Q 59. Rxh1 Kxh1 60. c7 Rh8 61. Kc5 Kg2 62. Kb6 Kf3 63. Kb7 Rh7 64. Kb8 Rxc7
65. Kxc7 1/2-1/2

[Event "Championnat de Martinique Fermé 2017"]
[Site "Le Lamentin"]
[Date "2017.05.21"]
[Round "4.1"]
[White "Midonet, Matthieu"]
[Black "Evers, Shaman"]
[Result "1-0"]
[WhiteElo "2247"]
[BlackElo "1560"]
[PlyCount "83"]
[EventDate "2017.??.??"]

1. e4 e5 2. Nf3 Nc6 3. Bb5 a6 4. Ba4 Nf6 5. O-O b5 6. Bb3 Bc5 7. c3 O-O 8. d4
Ba7 9. Nxe5 Nxe5 10. dxe5 Nxe4 11. Bd5 Nxf2 12. Rxf2 c6 13. Bf3 Qh4 14. Qe2 Re8
15. g3 Bxf2+ 16. Qxf2 Qe7 17. Bf4 g5 18. Bd2 Qxe5 19. Na3 Qf6 20. Rf1 d5 21.
Bh5 Qxf2+ 22. Rxf2 Ra7 23. Nc2 g4 24. Ne3 Re4 25. Nf5 Bxf5 26. Rxf5 h6 27. Rf4
Re2 28. Rxg4+ Kh7 29. Rd4 Re5 30. Bf3 a5 31. Rh4 Re6 32. a3 Rae7 33. Kf2 Rd7
34. Rf4 Red6 35. Be3 Kg6 36. Bc5 Rf6 37. Bh5+ Kg5 38. h4+ Kxh5 39. Rxf6 b4 40.
Kf3 bxc3 41. Be3 cxb2 42. Rxh6# 1-0

[Event "Championnat de Martinique Fermé 2017"]
[Site "Le Lamentin"]
[Date "2017.05.21"]
[Round "4.2"]
[White "Verneuil, Pascal"]
[Black "Christophe-Hayot, Romain"]
[Result "1-0"]
[WhiteElo "2197"]
[BlackElo "1732"]
[PlyCount "67"]
[EventDate "2017.??.??"]

1. e4 e5 2. Nf3 Nf6 3. Nxe5 d6 4. Nf3 Nxe4 5. Nc3 d5 6. Qe2 Bd6 7. Nxe4 O-O 8.
Nxd6 Qxd6 9. d4 Bf5 10. Be3 Nc6 11. c3 a6 12. Qd2 Na5 13. Be2 Rfe8 14. O-O Re7
15. b3 Rae8 16. Rae1 Qa3 17. h3 b6 18. Bd1 h6 19. Bf4 Rxe1 20. Rxe1 Rxe1+ 21.
Nxe1 c5 22. Bd6 Nb7 23. Be7 Qa5 24. b4 Qa3 25. Nf3 c4 26. Qf4 Be4 27. Ne5 f6
28. Qg4 h5 29. Qe6+ Kh7 30. Bxf6 gxf6 31. Qf7+ Kh6 32. Qxf6+ Kh7 33. Nf7 Bg6
34. Qh8# 1-0

[Event "Championnat de Martinique Fermé 2017"]
[Site "Le Lamentin"]
[Date "2017.05.21"]
[Round "4.3"]
[White "Marbot, Raymond"]
[Black "Grange, Julien"]
[Result "0-1"]
[WhiteElo "1726"]
[BlackElo "1892"]
[PlyCount "132"]
[EventDate "2017.??.??"]

1. e4 c5 2. Nf3 g6 3. d4 cxd4 4. Nxd4 Nc6 5. Nc3 Bg7 6. Be3 Nf6 7. f3 O-O 8.
Qd2 d5 9. O-O-O dxe4 10. Nxc6 Qxd2+ 11. Rxd2 bxc6 12. Nxe4 Nd5 13. Bc5 Bh6 14.
g3 Bxd2+ 15. Nxd2 Be6 16. Bc4 Rfe8 17. Bb3 Nb6 18. c4 Nd7 19. Bd4 Red8 20. f4
Nb6 21. Bc5 Rd7 22. Re1 Rad8 23. Nf3 Rc7 24. Ne5 Bc8 25. Bb4 c5 26. Ba5 f6 27.
Nf3 Bb7 28. Nd2 Kf7 29. Bc2 Ba6 30. b3 Bb7 31. Nb1 Re8 32. Nc3 Bc6 33. Be4 Bxe4
34. Nxe4 Rc6 35. Rd1 Ke6 36. Nc3 Kf5 37. Re1 e5 38. fxe5 Rxe5 39. Rf1+ Ke6 40.
Nd1 Re2 41. Rf2 Rxf2 42. Nxf2 f5 43. Bc3 Nd7 44. Nd3 g5 45. Bd2 Kf6 46. Kc2 Re6
47. Kd1 a5 48. Bxa5 Ra6 49. Bc3+ Kg6 50. a4 Re6 51. Kd2 Kh5 52. h4 h6 53. hxg5
hxg5 54. b4 cxb4 55. Bxb4 Kg4 56. a5 Kxg3 57. Nc5 Nxc5 58. Bxc5 f4 59. Kd3 f3
60. Kc3 f2 61. Bxf2+ Kxf2 62. Kb4 g4 63. Kb5 g3 64. a6 g2 65. a7 Re8 66. Kb6
g1=Q 0-1

[Event "Championnat de Martinique Fermé 2017"]
[Site "Le Lamentin"]
[Date "2017.05.21"]
[Round "4.4"]
[White "Suez-Panama, Gilles"]
[Black "Alcindor, Samuel"]
[Result "1-0"]
[WhiteElo "2041"]
[BlackElo "1434"]
[PlyCount "55"]
[EventDate "2017.??.??"]

1. d4 Nf6 2. Nf3 g6 3. c4 c5 4. d5 d6 5. Nc3 Bg7 6. g3 Bf5 7. Nh4 Qd7 8. Nxf5
Qxf5 9. Bg2 O-O 10. O-O Qg4 11. Qb3 Qc8 12. e4 Nbd7 13. Bd2 Nb6 14. a4 Nbd7 15.
a5 e6 16. Rae1 a6 17. Bh3 e5 18. Na4 Qd8 19. Qxb7 Qe7 20. Nb6 Rfb8 21. Qc7 Nxb6
22. Qxe7 Nxc4 23. Bc3 Rb5 24. f4 Rab8 25. Qa7 R8b7 26. Qa8+ Rb8 27. Qxa6 exf4
28. gxf4 1-0

[Event "Championnat de Martinique Fermé 2017"]
[Site "Le Lamentin"]
[Date "2017.05.21"]
[Round "4.5"]
[White "Joachim, Rodny"]
[Black "Chancerel, Dominique"]
[Result "1-0"]
[WhiteElo "1693"]
[BlackElo "1815"]
[PlyCount "99"]
[EventDate "2017.??.??"]

1. e4 e5 2. Nf3 Nc6 3. Bb5 a6 4. Bxc6 dxc6 5. O-O Bg4 6. h3 h5 7. d3 Qf6 8.
Nbd2 Ne7 9. Re1 Ng6 10. d4 Bxf3 11. Nxf3 Be7 12. Bg5 Qe6 13. d5 cxd5 14. exd5
Qd6 15. Bxe7 Qxe7 16. Nxe5 Nxe5 17. Qd4 f6 18. f4 O-O-O 19. fxe5 c5 20. Qe4
fxe5 21. Qxe5 Qxe5 22. Rxe5 c4 23. Rf1 Rd7 24. Rff5 g6 25. Rf6 Rg8 26. Rg5 Kc7
27. d6+ Rxd6 28. Rc5+ Kb6 29. Rxd6+ Kxc5 30. Rf6 a5 31. Kf2 a4 32. Re6 b6 33.
Ke3 h4 34. Re5+ Kd6 35. Kd4 Rf8 36. Rg5 Rf4+ 37. Kc3 Kc6 38. Rxg6+ Kb5 39. Rg5+
Kc6 40. Rg4 Rxg4 41. hxg4 b5 42. Kd4 Kd6 43. a3 Ke6 44. c3 Kf6 45. Ke4 Kg5 46.
Kf3 Kg6 47. Kf4 Kf6 48. g5+ Ke6 49. Kg4 Ke5 50. Kh5 1-0

[Event "Championnat de Martinique Fermé 2017"]
[Site "Le Lamentin"]
[Date "2017.05.22"]
[Round "4.6"]
[White "Prudent, Sylvio"]
[Black "Cesaire-Hierso, Florian"]
[Result "1/2-1/2"]
[WhiteElo "1650"]
[BlackElo "1777"]
[PlyCount "132"]
[EventDate "2017.??.??"]

1. Nf3 d5 2. b3 g6 3. Bb2 Nf6 4. e3 Bg7 5. c4 Nc6 6. cxd5 Qxd5 7. Nc3 Qd8 8.
Bb5 Bd7 9. O-O O-O 10. d4 a6 11. Be2 Bf5 12. Nh4 Be6 13. f4 Nd5 14. Nxd5 Bxd5
15. Nf3 Be4 16. Ng5 Bf5 17. Bf3 Qd6 18. Qc1 Nd8 19. Rd1 Rb8 20. e4 h6 21. e5
Qb6 22. Ne4 Bxe4 23. Bxe4 f5 24. Bf3 e6 25. Kh1 c6 26. Ba3 Rf7 27. Bc5 Qb5 28.
Qc2 Bf8 29. a4 Qa5 30. b4 Qc7 31. a5 Bxc5 32. dxc5 Re7 33. g4 Nf7 34. gxf5 gxf5
35. Bh5 Kh7 36. Bxf7 Rxf7 37. Rd6 Qe7 38. Qb3 Re8 39. Qh3 Rg8 40. Ra3 Rfg7 41.
Rg3 Rg4 42. Kg1 R8g6 43. Qg2 Qg7 44. Rdd3 h5 45. Rxg4 Rxg4 46. Rg3 Qd7 47. Qf2
Qd1+ 48. Kg2 Kh6 49. h3 Rxg3+ 50. Qxg3 Qe2+ 51. Kg1 Qd1+ 52. Kg2 Qd8 53. h4
Qd5+ 54. Kg1 Qd1+ 55. Kf2 Qg4 56. Kg2 Kh7 57. Kf2 Kg6 58. Kg2 Kg7 59. Kf2 Kf7
60. Kg2 Qe2+ 61. Qf2 Qg4+ 62. Kf1 Qh3+ 63. Kg1 Qg4+ 64. Kf1 Qd1+ 65. Kg2 Qd5+
66. Qf3 Qxf3+ 1/2-1/2